Regulace nájemného z nebytových prostor.
Kritika určovania nájomného z nebytových priestorov, osobitne obecných zastupiteľstiev, ktoré môžu v prípade atraktívnejších objektov, alebo objektov s výhodnejšou polohou, určovať výšku nájomného bez obmedzenia.
Salvato in:
| Autore principale: | |
|---|---|
| Natura: | Capitolo di libro |
| Lingua: | ceco |
| Soggetti: | |
| Tags: |
Nessun Tag, puoi essere il primo ad aggiungerne!!
|
MARC
| LEADER | 00000naa a2200000 4500 | ||
|---|---|---|---|
| 001 | r007967 | ||
| 005 | 20220831084056.3 | ||
| 041 | 0 | |a cze | |
| 044 | |a [CS] | ||
| 245 | 1 | 0 | |a Regulace nájemného z nebytových prostor. |c J. Císař |
| 520 | |a Kritika určovania nájomného z nebytových priestorov, osobitne obecných zastupiteľstiev, ktoré môžu v prípade atraktívnejších objektov, alebo objektov s výhodnejšou polohou, určovať výšku nájomného bez obmedzenia. | ||
| 610 | 2 | 0 | |a nájomné |
| 610 | 2 | 0 | |a správa miestna |
| 610 | 2 | 0 | |a ČSFR |
| 100 | 1 | |a Císař, J. | |